Представление документа в формате RUSMARC

ПолеНазваниеЗначение
  Тип записи a
  Библиографический уровень m
001 Контрольный номер UONB/MAIN/72dac8f716cb4d1f8ee1477d7f82314e
005 Дата корректировки 20260505143647.0
010 Индекс ISBN __
a ISBN 5-02-028612-5
b Уточнения в пер.
d Цена 4 р. 20 к.
9 Тираж 1800 экз.
100 Данные общей обработки __
a Данные общей обработки 20260505d1988 u y0rusy0189 ca
101 Язык документа 0_
a Язык текста rus
102 Страна публикации __
a Страна публикации RU
105 Кодированные данные (монография) __
a Кодированные данные (монография) a z 001yy
200 Заглавие и сведения об ответственности 1_
a Заглавие [Математик и механик]
e Сведения, относящиеся к заглавию очерки, статьи, воспоминания
f Первые сведения об ответственности Н. Н. Яненко
g Последующие сведения об ответственности Академия наук СССР, Сибирское отделение
g Последующие сведения об ответственности составитель Н. Н. Бородина
203 Вид содержания и тип средства __
a Вид содержания Текст
b Характеристика содержания визуальный
c Тип средства непосредственный
210 Выходные данные 1_
a Место издания Новосибирск
c Издательство Наука, Сибирское отделение
d Дата издания 1988
215 Физическое описание __
a Объем 300, [3] с.
c Иллюстрации/тип воспроизводства ил.
d Формат 22 см
225 Серия 1_
a Серия Ученые СССР. Очерки. Воспоминания. Материалы
320 Библиография __
a Библиография Аннот. список моногр.: с. 296-298
320 Библиография __
a Библиография Библиогр. в конце ст.
320 Библиография __
a Библиография Указ. имен: с. 293-295
606 Тематические рубрики 0_
a Основная рубрика Математическая наука в СССР
x Основная подрубрика История
606 Тематические рубрики 0_
a Основная рубрика Механика в СССР
x Основная подрубрика История
610 Ключевые слова 0_
a Ключевые слова математическая наука в СССР; история математической науки в СССР; механика в СССР; история механики СССР
675 Индекс УДК __
a Индекс УДК 531-9
675 Индекс УДК __
a Индекс УДК 51-92
686 Индексы других классификаций __
a Классификационный индекс 22.21
2 Код системы rubbk
700 Автор _1
a Фамилия Яненко
b Имя (инициалы) Н. Н.
g Полное личное имя Николай Николаевич
4 Код отношения 070
702 Вторичная интеллектуальная ответственность _1
a Фамилия Бородина
b Имя (инициалы) Н. Н.
4 Код отношения 220
712 Наименование организации (Вторичная ответственность) 02
a Организация/ юрисдикция Академия наук СССР, Сибирское отделение
4 Код отношения 570
801 Источник записи _0
a Страна RU
b Организация Ульяновская ОНБ
c Дата составления 20260505
g Правила каталогизации RCR
801 Источник записи _1
a Страна RU
b Организация Ульяновская ОНБ
c Дата составления 20260505
g Правила каталогизации RCR
901 Тип документа __
t Тип документа m
909 Создатель записи __
a Создатель записи Иличкина
b Дата создания записи 20260505